00529nam a2200145 a 450000100100000000500170001000800410002704000250006808200150009310000410010824500570014926000390020630000200024550001180026500003356020210517141723.0110831s1882 dr 000 0 spa d aDO-SdBNPbspacBNPHU axxxbP438i1 aPérez, José Joaquínd1845-190013aLa industria agrícola /cJosé Joaquín Pérez. aSanto Domingo :bEl pueblo,c1882. a15 p. ;c21 cm. aLeida en la conferencia literaria celebrada por la Sociedad Amigos del País en la noche del 18 de mayo de 1882.